[Event "Leiden op-A 12th"]
[Site "Leiden"]
[Date "2018.07.19"]
[Round "6"]
[White "Nguyen, Kevin"]
[Black "Maiorov, Nikita"]
[Result "0-1"]
[WhiteElo "2132"]
[BlackElo "2526"]
[PlyCount "94"]
[EventDate "2018.07.13"]
[EventType "swiss"]
[EventRounds "9"]
[EventCountry "NED"]
[SourceTitle "CBM 185 Extra"]
[Source "ChessBase"]
[SourceDate "2018.07.29"]
[SourceVersion "1"]
[SourceVersionDate "2018.07.29"]
[SourceQuality "1"]

1. Nf3 Nf6 2. g3 d5 3. Bg2 c6 4. 0-0 Bg4 5. d3 e6 6. c4 Nbd7 7. cxd5 exd5 8. Nc3 Bc5 9. Bd2 0-0 10. Rb1 a5 11. a3 Qe7 12. h3 Bf5 13. g4 Be6 14. Ng5 d4 15. Nxe6 Qxe6 16. Ne4 Nxe4 17. Bxe4 Nf6 18. Bg2 a4 19. b4 axb3 20. Qxb3 Qxe2 21. Qc2 Qe7 22. Rfe1 Qd6 23. Rxb7 Nd5 24. Rc1 Nc3 25. Bxc3 dxc3 26. Qxc3 Bd4 27. Qxc6 Qf4 28. Rf1 Rxa3 29. Qc4 Rc3 30. Qa2 Rxd3 31. Qe2 Rc3 32. Re7 g6 33. Re4 Qf6 34. Kh1 Rfc8 35. Re8+ Rxe8 36. Qxe8+ Kg7 37. Qe4 Bb6 38. f4 Re3 39. Qd5 Qh4 40. Rf3 Qe1+ 41. Bf1 Rxf3 42. Qxf3 Bc7 43. f5 Qe5 44. Qg2 gxf5 45. gxf5+ Kf6 46. Bd3 Bd6 47. Qf2 Qd5+ 0-1

[Event "NED-ch U20"]
[Site "Assen"]
[Date "2018.05.01"]
[Round "3"]
[White "Nguyen, Kevin"]
[Black "Reichardt, Robin"]
[Result "0-1"]
[WhiteElo "2122"]
[BlackElo "1936"]
[PlyCount "60"]
[EventDate "2018.04.29"]
[EventType "swiss"]
[EventRounds "7"]
[EventCountry "NED"]
[SourceTitle "CBM 184 Extra"]
[Source "ChessBase"]
[SourceDate "2018.06.28"]
[SourceVersion "1"]
[SourceVersionDate "2018.06.28"]
[SourceQuality "1"]

1. Nf3 d5 2. g3 Nf6 3. Bg2 c6 4. 0-0 Bf5 5. d3 e6 6. c3 Nbd7 7. Nbd2 h6 8. Qc2 Be7 9. a3 a5 10. b3 0-0 11. Bb2 Bh7 12. Rac1 b5 13. Qb1 Qb6 14. Qa1 Rab8 15. Rb1 e5 16. Ne1 e4 17. dxe4 Nxe4 18. Nxe4 dxe4 19. Bc1 Bf6 20. Be3 c5 21. Rd1 Qe6 22. Qc1 Rfd8 23. Qc2 Bg5 24. Bxg5 hxg5 25. Qb2 Nf6 26. Rxd8+ Rxd8 27. b4 e3 28. Nf3 exf2+ 29. Kh1 Ne4 30. bxc5 Qh6 0-1

[Event "Vlissingen HZ op 21st"]
[Site "Vlissingen"]
[Date "2017.08.11"]
[Round "8"]
[White "Nguyen, Kevin"]
[Black "Van der Elburg, Freddie"]
[Result "1/2-1/2"]
[WhiteElo "2224"]
[BlackElo "2131"]
[PlyCount "81"]
[EventDate "2017.08.05"]
[EventType "swiss"]
[EventRounds "9"]
[EventCountry "NED"]
[SourceTitle "CBM 179 Extra"]
[Source "ChessBase"]
[SourceDate "2017.08.23"]
[SourceVersion "1"]
[SourceVersionDate "2017.08.23"]
[SourceQuality "1"]

1. e4 c5 2. Nc3 a6 3. g3 b5 4. Bg2 Bb7 5. d3 e6 6. Nh3 h5 7. 0-0 h4 8. g4 Nc6 9. f4 Qc7 10. Be3 f6 11. f5 Ne5 12. Nf4 h3 13. Bxh3 g5 14. Nh5 0-0-0 15. Bg2 d5 16. Bf2 b4 17. Na4 dxe4 18. Bg3 exd3 19. Bxb7+ Kxb7 20. cxd3 exf5 21. Rxf5 Nh6 22. Bxe5 fxe5 23. Rxg5 e4 24. Rc1 exd3 25. Nxc5+ Bxc5+ 26. Rcxc5 Qb6 27. Qf3+ Kb8 28. Qf4+ Qd6 29. Qxb4+ Ka7 30. Rgd5 Qxd5 31. Rxd5 Rxd5 32. Qe7+ Kb8 33. Qe6 Rhd8 34. Qb6+ Kc8 35. Qxa6+ Kb8 36. Qb6+ Kc8 37. Qa6+ Kb8 38. Qb6+ Kc8 39. Qc6+ Kb8 40. Qxh6 d2 41. Qb6+ 1/2-1/2

[Event "Vlissingen HZ op 21st"]
[Site "Vlissingen"]
[Date "2017.08.08"]
[Round "5"]
[White "Kuipers, Stefan"]
[Black "Nguyen, Kevin"]
[Result "1/2-1/2"]
[WhiteElo "2399"]
[BlackElo "2224"]
[PlyCount "42"]
[EventDate "2017.08.05"]
[EventType "swiss"]
[EventRounds "9"]
[EventCountry "NED"]
[SourceTitle "CBM 179 Extra"]
[Source "ChessBase"]
[SourceDate "2017.08.23"]
[SourceVersion "1"]
[SourceVersionDate "2017.08.23"]
[SourceQuality "1"]

1. e4 e5 2. Nf3 Nc6 3. Bb5 a6 4. Ba4 Nf6 5. d3 b5 6. Bb3 Bc5 7. Nc3 d6 8. Nd5 h6 9. c3 0-0 10. 0-0 Rb8 11. d4 Ba7 12. Be3 Ng4 13. dxe5 Nxe3 14. Nxe3 Nxe5 15. Nxe5 dxe5 16. Qxd8 Rxd8 17. Nd5 Rd7 18. Rfd1 a5 19. a3 c6 20. Ne3 Bxe3 21. fxe3 Kf8 1/2-1/2

[Event "Vlissingen HZ op 21st"]
[Site "Vlissingen"]
[Date "2017.08.07"]
[Round "4"]
[White "Nguyen, Kevin"]
[Black "Breukelman, Jan"]
[Result "1/2-1/2"]
[WhiteElo "2224"]
[BlackElo "2395"]
[PlyCount "54"]
[EventDate "2017.08.05"]
[EventType "swiss"]
[EventRounds "9"]
[EventCountry "NED"]
[SourceTitle "CBM 179 Extra"]
[Source "ChessBase"]
[SourceDate "2017.08.23"]
[SourceVersion "1"]
[SourceVersionDate "2017.08.23"]
[SourceQuality "1"]

1. e4 c6 2. Nc3 d5 3. Nf3 Bg4 4. h3 Bxf3 5. Qxf3 Nf6 6. d3 e6 7. Bd2 Qb6 8. 0-0-0 d4 9. Ne2 Na6 10. g4 e5 11. Kb1 Nc5 12. Nc1 a5 13. Qg3 Bd6 14. f4 Nfd7 15. fxe5 Bxe5 16. Bf4 Bxf4 17. Qxf4 Na4 18. Nb3 Nxb2 19. Kxb2 a4 20. Qd6 axb3 21. axb3 Nc5 22. Ra1 Rxa1 23. Kxa1 Qa5+ 24. Kb1 Qe1+ 25. Kb2 Qc3+ 26. Kb1 Qe1+ 27. Kb2 Qc3+ 1/2-1/2

[Event "Dortmund Helmut Kohl"]
[Site "Dortmund"]
[Date "2017.07.19"]
[Round "5"]
[White "Salem Elier, Ali"]
[Black "Nguyen, Kevin"]
[Result "0-1"]
[WhiteElo "1965"]
[BlackElo "2194"]
[PlyCount "88"]
[EventDate "2017.07.15"]
[EventType "tourn"]
[EventRounds "9"]
[EventCountry "GER"]
[SourceTitle "CBM 179 Extra"]
[Source "ChessBase"]
[SourceDate "2017.08.23"]
[SourceVersion "1"]
[SourceVersionDate "2017.08.23"]
[SourceQuality "1"]

1. e4 g6 2. d4 Bg7 3. f4 d6 4. Nf3 Nd7 5. Bc4 e6 6. 0-0 Ne7 7. Qe2 0-0 8. Be3 c5 9. c3 d5 10. exd5 exd5 11. Bd3 cxd4 12. Bxd4 Nf6 13. Nbd2 Nc6 14. Nb3 Re8 15. Qc2 Nxd4 16. Nbxd4 Ng4 17. Rfe1 Bd7 18. Rxe8+ Bxe8 19. Re1 Qc7 20. h3 Nf6 21. f5 Bd7 22. Re7 Qd6 23. Qe2 Ne4 24. Rxe4 dxe4 25. Qxe4 Qb6 26. Kh2 Re8 27. Qf4 Rc8 28. Ng5 Qc7 29. Qxc7 Rxc7 30. fxg6 hxg6 31. Ngf3 Rc5 32. g4 Be5+ 33. Kg1 Bf4 34. Ne2 Be3+ 35. Kg2 Bc6 36. Kg3 Rd5 37. Nfd4 Kg7 38. h4 Kg8 39. Bc2 Bd2 40. Nf4 Be1+ 41. Kh3 Re5 42. Ng2 Bxg2+ 43. Kxg2 Bxh4 44. Bd3 Bf6 0-1

[Event "Dortmund Helmut Kohl"]
[Site "Dortmund"]
[Date "2017.07.18"]
[Round "4"]
[White "Nguyen, Kevin"]
[Black "Kruse, Janik"]
[Result "0-1"]
[WhiteElo "2194"]
[BlackElo "2071"]
[PlyCount "82"]
[EventDate "2017.07.15"]
[EventType "tourn"]
[EventRounds "9"]
[EventCountry "GER"]
[SourceTitle "CBM 179 Extra"]
[Source "ChessBase"]
[SourceDate "2017.08.23"]
[SourceVersion "1"]
[SourceVersionDate "2017.08.23"]
[SourceQuality "1"]

1. e4 c6 2. d3 d5 3. Nd2 e5 4. Ngf3 Bd6 5. g3 Nf6 6. Bg2 0-0 7. 0-0 Re8 8. Re1 Nbd7 9. Nf1 dxe4 10. dxe4 Bf8 11. N3d2 Nc5 12. Ne3 g6 13. b3 Qd4 14. Rb1 Nfxe4 15. Nxe4 Nxe4 16. Bb2 Nc3 17. Qf3 Qc5 18. Ng4 Bxg4 19. Qxc3 Qxc3 20. Bxc3 f6 21. h3 Be6 22. a4 Bd5 23. Bf1 a5 24. Rbd1 Bb4 25. Bxb4 axb4 26. Rd2 Kf8 27. Ra1 Ke7 28. Re1 Rad8 29. Rd4 c5 30. Rh4 h5 31. g4 hxg4 32. Rh7+ Ke6 33. hxg4 Rh8 34. Rh3 Rxh3 35. Bxh3 Rh8 36. Kh2 f5 37. gxf5+ gxf5 38. Rd1 Bf3 39. Rd3 Bg4 40. Kg2 Rxh3 41. f3 Rxf3 0-1

[Event "NED-chT 1617"]
[Site "Netherlands"]
[Date "2017.05.06"]
[Round "9.9"]
[White "Nguyen, Kevin"]
[Black "Krouwel, Gabriel Tristan"]
[Result "1-0"]
[WhiteElo "2193"]
[BlackElo "1798"]
[PlyCount "41"]
[EventDate "2016.09.17"]
[EventType "team-tourn"]
[EventRounds "9"]
[EventCountry "NED"]
[SourceTitle "EXT 2018"]
[Source "ChessBase"]
[SourceDate "2017.10.13"]
[SourceVersion "1"]
[SourceVersionDate "2017.10.13"]
[SourceQuality "1"]
[WhiteTeam "Rotterdam Pathena"]
[BlackTeam "En Passant"]
[WhiteTeamCountry "NED"]
[BlackTeamCountry "NED"]

1. e4 c5 2. Nc3 Nc6 3. Bb5 g6 4. Bxc6 dxc6 5. f4 Bg7 6. Nf3 Nf6 7. 0-0 0-0 8. d3 Qc7 9. Qe1 b6 10. Qh4 Rd8 11. f5 c4 12. e5 Nd5 13. fxg6 hxg6 14. Ng5 Bf5 15. g4 Qxe5 16. Qh7+ Kf8 17. gxf5 Nxc3 18. Ne6+ fxe6 19. fxe6+ Qf5 20. Rxf5+ gxf5 21. Bh6 1-0

[Event "NED-ch U16 playoff 2nd place"]
[Site "Assen"]
[Date "2017.04.29"]
[Round "10"]
[White "Nguyen, Kevin"]
[Black "Bekedam, Tyro"]
[Result "1-0"]
[WhiteElo "2143"]
[BlackElo "2004"]
[PlyCount "101"]
[EventDate "2017.04.23"]
[EventType "tourn (rapid)"]
[EventRounds "4"]
[EventCountry "NED"]
[SourceTitle "EXT 2018"]
[Source "ChessBase"]
[SourceDate "2017.10.13"]
[SourceVersion "1"]
[SourceVersionDate "2017.10.13"]
[SourceQuality "1"]

1. e4 c6 2. Nc3 d5 3. Nf3 Bg4 4. h3 Bxf3 5. Qxf3 e6 6. d3 Nd7 7. Bd2 Bd6 8. g4 d4 9. Ne2 c5 10. Ng3 Qf6 11. Qe2 0-0-0 12. Bg2 g6 13. 0-0-0 e5 14. h4 Qe6 15. Kb1 Ne7 16. Bh3 Bc7 17. Rhf1 Nc6 18. f4 f6 19. Qg2 Qe7 20. g5 fxg5 21. fxg5 Rdf8 22. a3 Kb8 23. h5 Rxf1 24. Rxf1 Rf8 25. Bxd7 Rxf1+ 26. Qxf1 Qxd7 27. Qf8+ Qd8 28. Qxc5 Qd7 29. Qf8+ Bd8 30. hxg6 hxg6 31. Qh6 Qg4 32. Nh1 a6 33. Bc1 Ka7 34. Nf2 Qg2 35. Nh3 Qf1 36. Qh4 Qf7 37. Qf2 Qe6 38. Qf3 Nb8 39. Nf2 Nd7 40. Ng4 Be7 41. Nh6 Bf8 42. Qf7 Qd6 43. Ng8 Nc5 44. Nf6 Ne6 45. Qxg6 Nf4 46. Qf7 Qe7 47. Qc4 Bg7 48. Nd5 Nxd5 49. exd5 Bf8 50. Qc8 Qd6 51. Qe6 1-0

[Event "NED-ch U16"]
[Site "Assen"]
[Date "2017.04.27"]
[Round "7"]
[White "Nguyen, Kevin"]
[Black "Tang, Charlie1"]
[Result "1-0"]
[WhiteElo "2143"]
[BlackElo "2041"]
[PlyCount "79"]
[EventDate "2017.04.23"]
[EventType "swiss"]
[EventRounds "9"]
[EventCountry "NED"]
[SourceTitle "CBM 178 Extra"]
[Source "ChessBase"]
[SourceDate "2017.06.22"]
[SourceVersion "1"]
[SourceVersionDate "2017.06.22"]
[SourceQuality "1"]

1. Nf3 d5 2. g3 Nf6 3. Bg2 c6 4. d3 Bf5 5. 0-0 Nbd7 6. c4 h6 7. Nc3 e6 8. cxd5 cxd5 9. Bf4 Qb6 10. Qa4 Qa6 11. Qxa6 bxa6 12. e4 dxe4 13. dxe4 Bh7 14. Rad1 Nb6 15. Nd4 Rc8 16. Rc1 Bc5 17. Nb3 Bb4 18. Na4 Ke7 19. Nac5 a5 20. a3 Bxc5 21. Nxc5 a4 22. f3 Nfd7 23. Be3 Ne5 24. Bf2 Nec4 25. Rc2 Rhd8 26. Rfc1 Na5 27. Bf1 f6 28. Bb5 f5 29. Nxa4 Rxc2 30. Rxc2 fxe4 31. Rc7+ Kf6 32. Nxb6 axb6 33. Bxb6 Rd1+ 34. Kf2 Nb3 35. Rd7 Rb1 36. Bd8+ Kg6 37. fxe4 Rxb2+ 38. Kg1 Nc5 39. Rb7 Nxb7 40. Be8# 1-0

[Event "NED-ch U16"]
[Site "Assen"]
[Date "2017.04.26"]
[Round "6"]
[White "Dijkhuis, Oele"]
[Black "Nguyen, Kevin"]
[Result "1/2-1/2"]
[WhiteElo "1944"]
[BlackElo "2143"]
[PlyCount "67"]
[EventDate "2017.04.23"]
[EventType "swiss"]
[EventRounds "9"]
[EventCountry "NED"]
[SourceTitle "CBM 178 Extra"]
[Source "ChessBase"]
[SourceDate "2017.06.22"]
[SourceVersion "1"]
[SourceVersionDate "2017.06.22"]
[SourceQuality "1"]

1. e4 g6 2. d4 Bg7 3. Be3 d6 4. Nc3 a6 5. Nf3 b5 6. Bd3 Bb7 7. 0-0 Nd7 8. Qe1 Rc8 9. b4 e6 10. a4 c6 11. h3 Ne7 12. Qd2 h6 13. Rfe1 Nb6 14. Bf4 Qd7 15. a5 Na8 16. e5 d5 17. g4 Kd8 18. Ne2 Kc7 19. Nc1 Bf8 20. Bg3 Kb8 21. c3 Nc7 22. Nb3 Ng8 23. Kg2 Be7 24. Bc2 Rf8 25. Rh1 Qd8 26. Rad1 Bc8 27. Nc5 Ka7 28. Qe3 Ka8 29. Ne1 h5 30. f3 Bg5 31. Qf2 hxg4 32. fxg4 Nh6 33. Nf3 Be7 34. Bd3 1/2-1/2

[Event "Basel op"]
[Site "Basel"]
[Date "2017.01.08"]
[Round "9"]
[White "Kopylov, Daniel"]
[Black "Nguyen, Kevin"]
[Result "1-0"]
[WhiteElo "2003"]
[BlackElo "2122"]
[PlyCount "57"]
[EventDate "2017.01.02"]
[EventType "swiss"]
[EventRounds "9"]
[EventCountry "SUI"]
[SourceTitle "EXT 2018"]
[Source "ChessBase"]
[SourceDate "2017.10.13"]
[SourceVersion "1"]
[SourceVersionDate "2017.10.13"]
[SourceQuality "1"]

1. e4 g6 2. d4 Bg7 3. Nc3 d6 4. Be3 a6 5. Qd2 b5 6. f3 Nd7 7. 0-0-0 Nb6 8. Bd3 c6 9. h4 h5 10. Nh3 Bxh3 11. Rxh3 Nf6 12. Kb1 Rb8 13. e5 Nfd5 14. Nxd5 Nxd5 15. e6 fxe6 16. Bxg6+ Kd7 17. Be4 Nxe3 18. Qxe3 Bf6 19. Rhh1 Rg8 20. f4 b4 21. Bf3 Qa5 22. Rhe1 Qf5 23. Be4 Qg4 24. Bf3 Qf5 25. Qe2 Rb5 26. Bxh5 Bxh4 27. g4 Qd5 28. Bf7 Bxe1 29. Rxe1 1-0

[Event "Basel op"]
[Site "Basel"]
[Date "2017.01.06"]
[Round "6"]
[White "Nguyen, Kevin"]
[Black "Schneider, Jana"]
[Result "0-1"]
[WhiteElo "2122"]
[BlackElo "2274"]
[PlyCount "120"]
[EventDate "2017.01.02"]
[EventType "swiss"]
[EventRounds "9"]
[EventCountry "SUI"]
[SourceTitle "CBM 176 Extra"]
[Source "ChessBase"]
[SourceDate "2017.03.02"]
[SourceVersion "1"]
[SourceVersionDate "2017.03.02"]
[SourceQuality "1"]

1. e4 e6 2. d4 d5 3. Nd2 c5 4. c3 cxd4 5. cxd4 dxe4 6. Nxe4 Bb4+ 7. Nc3 Nf6 8. Bd3 0-0 9. Nf3 b6 10. 0-0 Bb7 11. Bg5 Nbd7 12. Bc2 h6 13. Bh4 Bxc3 14. bxc3 Qc7 15. Rc1 b5 16. Re1 Bd5 17. Bb1 Qb7 18. Re3 Ng4 19. Qd3 f5 20. Ree1 Ngf6 21. Bg3 Ne4 22. Be5 Rac8 23. Qe3 Nb6 24. Bxe4 Bxe4 25. Nh4 Kh7 26. Qg3 Qf7 27. Nf3 Qg6 28. Qxg6+ Kxg6 29. Nd2 Bd5 30. Nb3 Rf7 31. f4 Na4 32. Re3 Rc6 33. Kf1 Rd7 34. Ke1 Kf7 35. Rg3 g6 36. Kd2 Rd8 37. Rc2 Rdc8 38. Nc5 Nxc5 39. dxc5 Rxc5 40. Bd4 R5c7 41. Rb2 Rb7 42. Ke1 Rc4 43. Rd3 a6 44. Be5 Ra4 45. Rdd2 Ke7 46. Kf2 Rb6 47. Kg3 g5 48. Rf2 Rc6 49. Rbc2 Kf7 50. h3 Rcc4 51. fxg5 hxg5 52. Kh2 Ra3 53. Bd6 Raxc3 54. Rb2 Rc1 55. a3 Be4 56. Rbe2 Rb1 57. Bb4 Rcc1 58. Kg3 Rh1 59. Bc5 Rb3+ 60. Be3 Kg6 0-1

[Event "Basel op"]
[Site "Basel"]
[Date "2017.01.05"]
[Round "5"]
[White "Hamblok, Roel"]
[Black "Nguyen, Kevin"]
[Result "1-0"]
[WhiteElo "2294"]
[BlackElo "2122"]
[PlyCount "69"]
[EventDate "2017.01.02"]
[EventType "swiss"]
[EventRounds "9"]
[EventCountry "SUI"]
[SourceTitle "CBM 176 Extra"]
[Source "ChessBase"]
[SourceDate "2017.03.02"]
[SourceVersion "1"]
[SourceVersionDate "2017.03.02"]
[SourceQuality "1"]

1. d4 Nf6 2. Nf3 d6 3. Bf4 Nh5 4. Bc1 g6 5. e4 Bg7 6. Bc4 0-0 7. c3 Nc6 8. h3 e5 9. dxe5 dxe5 10. Qxd8 Nxd8 11. Nbd2 Be6 12. g3 Re8 13. a4 Nf6 14. Bd3 Nc6 15. b4 a6 16. Kf1 Red8 17. Bc2 h6 18. Kg2 Ne8 19. h4 Nf6 20. Re1 Ng4 21. Nf1 Bc4 22. Ne3 Nxe3+ 23. Bxe3 Bd3 24. Rac1 f5 25. Nd2 f4 26. gxf4 exf4 27. Bxf4 Ne5 28. Bb3+ Kh7 29. Bxe5 Bxe5 30. Nf3 Bf4 31. Rcd1 b5 32. Nd4 bxa4 33. Bd5 c6 34. Rxd3 cxd5 35. Ne6 1-0

[Event "Basel op"]
[Site "Basel"]
[Date "2017.01.03"]
[Round "3"]
[White "Engel, Luis"]
[Black "Nguyen, Kevin"]
[Result "0-1"]
[WhiteElo "2373"]
[BlackElo "2122"]
[PlyCount "102"]
[EventDate "2017.01.02"]
[EventType "swiss"]
[EventRounds "9"]
[EventCountry "SUI"]
[SourceTitle "CBM 176 Extra"]
[Source "ChessBase"]
[SourceDate "2017.03.02"]
[SourceVersion "1"]
[SourceVersionDate "2017.03.02"]
[SourceQuality "1"]

1. c4 e5 2. g3 Nf6 3. Bg2 d6 4. Nc3 g6 5. Nf3 Bg7 6. 0-0 0-0 7. d4 Nbd7 8. b3 Qe7 9. Qd2 Re8 10. e3 Nf8 11. Ba3 e4 12. Ng5 Bf5 13. Rae1 Bh6 14. Nh3 Ne6 15. d5 Nc5 16. Nf4 g5 17. Nfe2 Nd3 18. Rd1 Ne5 19. Qc2 Bg7 20. Nxe4 Nxe4 21. Nd4 Nf3+ 22. Bxf3 Bxd4 23. Rxd4 Nxg3 24. e4 Nxf1 25. exf5 Nxh2 26. Bd1 g4 27. Bb2 Qh4 28. Qc3 Re5 29. Re4 Rae8 30. c5 f6 31. Rxe5 Rxe5 32. cxd6 Nf3+ 33. Bxf3 gxf3 34. Qxf3 Re1+ 35. Kg2 Qh1+ 36. Kg3 Qxf3+ 37. Kxf3 cxd6 38. Bxf6 Kf7 39. Bc3 Rd1 40. Ke4 h5 41. Bb4 Ke7 42. f6+ Kxf6 43. Bxd6 Rd2 44. Be5+ Kf7 45. Bd4 Rxa2 46. Kf4 a5 47. Ke5 h4 48. d6 h3 49. Bc5 h2 50. d7 Rd2 51. Bd6 Rxd6 0-1

[Event "Basel op"]
[Site "Basel"]
[Date "2017.01.03"]
[Round "2"]
[White "Nguyen, Kevin"]
[Black "Yakimenko, Alexander A"]
[Result "1-0"]
[WhiteElo "2122"]
[BlackElo "2242"]
[PlyCount "91"]
[EventDate "2017.01.02"]
[EventType "swiss"]
[EventRounds "9"]
[EventCountry "SUI"]
[SourceTitle "CBM 176 Extra"]
[Source "ChessBase"]
[SourceDate "2017.03.02"]
[SourceVersion "1"]
[SourceVersionDate "2017.03.02"]
[SourceQuality "1"]

1. e4 e5 2. Nf3 Nc6 3. Bb5 a6 4. Ba4 d6 5. d3 Nge7 6. Nc3 Bd7 7. 0-0 g6 8. Bg5 Bg7 9. Nd5 h6 10. Bf6 Kf8 11. Bxc6 Bxf6 12. Bxb7 Nxd5 13. Bxd5 Rb8 14. Bb3 g5 15. Nd2 h5 16. Nc4 Qc8 17. Ne3 Rh6 18. Nd5 Bg7 19. Qd2 Rg6 20. Qa5 c6 21. Nb6 Rxb6 22. Qxb6 Bh6 23. Bc4 g4 24. Bxa6 Qe8 25. Rae1 h4 26. Bc4 Qe7 27. d4 Bf4 28. g3 Kg7 29. Qb3 Bh6 30. dxe5 dxe5 31. Rd1 Be8 32. Qd3 Bg5 33. a4 Qc5 34. Kg2 Rf6 35. Qe2 Rf3 36. b3 f6 37. Rd8 Bg6 38. Be6 Bh5 39. Rfd1 h3+ 40. Kh1 Rxf2 41. R1d7+ Kg6 42. Rg8+ Kh6 43. Rh8+ Kg6 44. Bf5+ Rxf5 45. exf5+ Kxf5 46. Rxh5 1-0

[Event "NED-chT 1617"]
[Site "Netherlands"]
[Date "2016.11.05"]
[Round "3.9"]
[White "Nguyen, Kevin"]
[Black "Bosch, Jeroen"]
[Result "0-1"]
[WhiteElo "2193"]
[BlackElo "2381"]
[PlyCount "88"]
[EventDate "2016.09.17"]
[EventType "team-tourn"]
[EventRounds "9"]
[EventCountry "NED"]
[SourceTitle "EXT 2018"]
[Source "ChessBase"]
[SourceDate "2017.10.13"]
[SourceVersion "1"]
[SourceVersionDate "2017.10.13"]
[SourceQuality "1"]
[WhiteTeam "Rotterdam Pathena"]
[BlackTeam "Calder HMC"]
[WhiteTeamCountry "NED"]
[BlackTeamCountry "NED"]

1. e4 Nf6 2. d3 c5 3. Nf3 Nc6 4. g3 g6 5. Bg2 Bg7 6. 0-0 0-0 7. Re1 d5 8. e5 Ne8 9. Bf4 Nc7 10. Qd2 Bg4 11. Nc3 b5 12. h3 Bxf3 13. Bxf3 Nd4 14. Bg2 e6 15. Nd1 b4 16. c3 bxc3 17. bxc3 Nc6 18. Bg5 Qd7 19. Qf4 Nxe5 20. Rxe5 f6 21. Re1 fxg5 22. Qxg5 Rab8 23. Rc1 Rb6 24. h4 a5 25. h5 Rf5 26. Qe3 Re5 27. Qd2 Rxh5 28. c4 dxc4 29. Rxc4 Rb4 30. Qc2 Bd4 31. Rxb4 cxb4 32. Ne3 Rc5 33. Nc4 Qf7 34. Re4 e5 35. Qe2 Qf6 36. Ne3 h5 37. g4 h4 38. Nc4 Ne6 39. g5 Nxg5 40. Rxh4 Nf3+ 41. Qxf3 Qxh4 42. Qa8+ Kg7 43. Qb7+ Kh6 44. Qf7 Qf4 0-1

[Event "Hoogeveen Unive op 20th"]
[Site "Hoogeveen"]
[Date "2016.10.19"]
[Round "5"]
[White "Jonkman, Harmen"]
[Black "Nguyen, Kevin"]
[Result "1-0"]
[WhiteElo "2413"]
[BlackElo "2185"]
[PlyCount "61"]
[EventDate "2016.10.15"]
[EventType "swiss"]
[EventRounds "9"]
[EventCountry "NED"]
[SourceTitle "EXT 2017"]
[Source "ChessBase"]
[SourceDate "2016.10.25"]
[SourceVersion "1"]
[SourceVersionDate "2016.10.25"]
[SourceQuality "1"]

1. e4 g6 2. d4 Bg7 3. Nf3 d6 4. Bc4 a6 5. a4 e6 6. 0-0 Ne7 7. a5 Nd7 8. Re1 0-0 9. c3 h6 10. Nbd2 Nf6 11. e5 Ne8 12. Qe2 d5 13. Bd3 Bd7 14. h4 Rc8 15. Nb3 Kh8 16. Nc5 Rb8 17. Bf4 Nc8 18. g3 Rg8 19. Qd2 Kh7 20. h5 Bf8 21. Kg2 Bxc5 22. dxc5 Ne7 23. Bxh6 Rh8 24. Bg5 Bb5 25. hxg6+ fxg6 26. Rh1+ Kg7 27. Rxh8 Kxh8 28. Rh1+ Kg8 29. Bxg6 Qd7 30. Bh7+ Kg7 31. Bxe7 1-0

[Event "Hoogeveen Unive op 20th"]
[Site "Hoogeveen"]
[Date "2016.10.17"]
[Round "3"]
[White "Karavade, Eesha"]
[Black "Nguyen, Kevin"]
[Result "1-0"]
[WhiteElo "2421"]
[BlackElo "2185"]
[PlyCount "83"]
[EventDate "2016.10.15"]
[EventType "swiss"]
[EventRounds "9"]
[EventCountry "NED"]
[SourceTitle "EXT 2017"]
[Source "ChessBase"]
[SourceDate "2016.10.25"]
[SourceVersion "1"]
[SourceVersionDate "2016.10.25"]
[SourceQuality "1"]

1. d4 Nf6 2. c4 g6 3. Nc3 Bg7 4. e4 d6 5. Nf3 0-0 6. Be2 c5 7. 0-0 Nc6 8. d5 Na5 9. Bg5 h6 10. Bf4 Nh5 11. Bd2 Bg4 12. Ne1 Bxe2 13. Qxe2 e5 14. g3 Qd7 15. Rb1 b6 16. Ng2 Rae8 17. b3 Nb7 18. Nd1 Nf6 19. f3 Nh7 20. Nh4 Ng5 21. Ne3 Kh7 22. Qd3 Qe7 23. Nhf5 gxf5 24. Nxf5 Qd7 25. h4 Ne6 26. dxe6 fxe6 27. Nxg7 Qxg7 28. Kh2 Rf7 29. Bc3 Ref8 30. Rb2 Rg8 31. f4 Qg4 32. f5 Rgf8 33. Rbf2 Rf6 34. Kg2 Nd8 35. Qxd6 Qxe4+ 36. Kh3 Nf7 37. Qe7 Rg8 38. Kh2 Rxf5 39. Rxf5 exf5 40. Qxf7+ Kh8 41. Qf6+ Rg7 42. Qxe5 1-0

[Event "EU-ch U16 26th"]
[Site "Prague"]
[Date "2016.08.26"]
[Round "8"]
[White "Abdulla, Murad"]
[Black "Nguyen, Kevin"]
[Result "1-0"]
[WhiteElo "2103"]
[BlackElo "2169"]
[PlyCount "79"]
[EventDate "2016.08.18"]
[EventType "swiss"]
[EventRounds "9"]
[EventCountry "CZE"]
[SourceTitle "CBM 174 Extra"]
[Source "ChessBase"]
[SourceDate "2016.10.10"]
[SourceVersion "1"]
[SourceVersionDate "2016.10.10"]
[SourceQuality "1"]

1. d4 Nf6 2. Nf3 g6 3. Nc3 Bg7 4. e4 d6 5. Be3 a6 6. Qd2 h6 7. h3 b5 8. e5 b4 9. exf6 bxc3 10. Qxc3 Bxf6 11. Qd2 Bg7 12. Be2 Nd7 13. Rd1 Nf6 14. c4 Rb8 15. 0-0 Bf5 16. Qc1 Qd7 17. b3 g5 18. Ne5 dxe5 19. dxe5 Qe6 20. exf6 Qxf6 21. Bd4 Qg6 22. Bh5 Qxh5 23. Bxg7 Rg8 24. Be5 g4 25. h4 Rc8 26. Bg3 Be6 27. Qa3 a5 28. Rfe1 Qf5 29. Rd5 Qc2 30. Rxa5 Kf8 31. Rae5 Rd8 32. Qc5 Qxa2 33. Qxc7 Rd7 34. Qc6 Rd6 35. Qb5 Rd3 36. R5e3 Rd2 37. c5 Kg7 38. c6 Rd5 39. Qb4 Qd2 40. Qxe7 1-0

[Event "EU-ch U16 26th"]
[Site "Prague"]
[Date "2016.08.21"]
[Round "4"]
[White "Nguyen, Kevin"]
[Black "Lodici, Lorenzo"]
[Result "1/2-1/2"]
[WhiteElo "2169"]
[BlackElo "2394"]
[PlyCount "141"]
[EventDate "2016.08.18"]
[EventType "swiss"]
[EventRounds "9"]
[EventCountry "CZE"]
[SourceTitle "CBM 174 Extra"]
[Source "ChessBase"]
[SourceDate "2016.10.10"]
[SourceVersion "1"]
[SourceVersionDate "2016.10.10"]
[SourceQuality "1"]

1. e4 c5 2. Nc3 Nc6 3. Bb5 Nd4 4. Nf3 Nxb5 5. Nxb5 d6 6. d4 Nf6 7. 0-0 a6 8. Nc3 cxd4 9. Qxd4 Bg4 10. Ne1 e5 11. Qd3 Be7 12. f4 exf4 13. Bxf4 0-0 14. Nf3 Rc8 15. Nd4 Qb6 16. Na4 Qc7 17. Nc3 Qb6 18. Na4 Qc7 19. Nc3 Rfe8 20. Rae1 Qb6 21. Na4 Qa5 22. Nc3 Qb4 23. Nb3 Be6 24. Rd1 Ng4 25. Bxd6 Qb6+ 26. Qd4 Qxd6 27. Qxd6 Bxd6 28. Rxd6 Ne3 29. Rb1 Nxc2 30. Rb6 Bxb3 31. axb3 Rc7 32. Nd5 Rd7 33. Rd1 Kf8 34. Rd2 Ne3 35. Rd4 f5 36. Rdb4 Nxd5 37. exd5 Rxd5 38. Rxb7 Re2 39. Rf4 Rd1+ 40. Rf1 Rxf1+ 41. Kxf1 Rxb2 42. Kg1 Kg8 43. h4 f4 44. Rb6 Ra2 45. Rb4 Ra3 46. Kf2 a5 47. Rb7 g6 48. b4 Rb3 49. b5 h6 50. b6 g5 51. hxg5 hxg5 52. Ra7 Rb2+ 53. Kf3 Rxb6 54. Rxa5 Rb3+ 55. Kf2 Rg3 56. Ra7 Rb3 57. Ra5 Rg3 58. Ra7 Kf8 59. Rb7 Ke8 60. Ra7 Kd8 61. Rb7 Rc3 62. Rg7 Rg3 63. Ra7 Ke8 64. Rb7 Ra3 65. Rb5 g4 66. Rb4 g3+ 67. Ke2 Ra2+ 68. Kf3 Rf2+ 69. Kg4 f3 70. Kxg3 Rxg2+ 71. Kxf3 1/2-1/2